Optimalizácia procesu montáže stropného modulu do automobilu
Gespeichert in:
| 1. Verfasser: | |
|---|---|
| Weitere Verfasser: | |
| Format: | Manuskript Buch |
| Sprache: | Slowakisch |
| Veröffentlicht: |
2015
|
| Schlagworte: | |
| Online-Zugang: | http://is.stuba.sk/zp/portal_zp.pl?podrobnosti=96729 |
| Tags: |
Keine Tags, Fügen Sie das erste Tag hinzu!
|
MARC
| LEADER | 00000ntm a22000003a 4500 | ||
|---|---|---|---|
| 001 | stuzp50726 | ||
| 003 | SK-STU | ||
| 005 | 20160719153638.6 | ||
| 007 | ta | ||
| 008 | 150427s2015----xo-----f-mn---000-0-slo-d | ||
| 040 | |a STU |b slo | ||
| 041 | 0 | |a slo | |
| 100 | 1 | |a Horváth, Ladislav |u 063000 |4 aut |U MTF Materiálovotechnologická fakulta |T MTF Ústav výrobných technológií |X 51216 |U M3000 |Y 83 |7 51216 | |
| 242 | 0 | 1 | |a Optimization of assembly process for automotive headliner module |y eng |
| 245 | 1 | 0 | |a Optimalizácia procesu montáže stropného modulu do automobilu |
| 260 | |c 2015 | ||
| 650 | 4 | |a automobil |2 slo | |
| 650 | 4 | |a modularizácia |2 slo | |
| 650 | 4 | |a optimalizácia procesu |2 slo | |
| 650 | 4 | |a montážne systémy |2 slo | |
| 650 | 4 | |a process optimization |2 eng | |
| 650 | 4 | |a modularisation |2 eng | |
| 650 | 4 | |a assembly systems |2 eng | |
| 650 | 4 | |a automotive |2 eng | |
| 700 | 1 | |a Pecháček, František |4 ths |X 218 |7 A000000218 | |
| 856 | 4 | |u http://is.stuba.sk/zp/portal_zp.pl?podrobnosti=96729 | |
| 996 | |c M* BP-7189 |l MMSKP |s P |a 0 |w stuzp50726_0001 | ||
| SQL | |a stuzp50726 |b DBP |c SLO |d Optimalizácia procesu montáže stropného modulu do automobilu |e 51216 |f Horváth, Ladislav |g 063000 |h 218 |i Pecháček, František |j 20150701 |k 179 |l 06 |m http://is.stuba.sk/zp/portal_zp.pl?podrobnosti=96729 |n B-VZS |o 5.2.50. výrobná technika | ||